000 00613nam a2200205Ia 4500
005 20250508165312.0
008 008 250505s9999 xx 000 0 eng d
020 _a978-81-920957-7-6
037 _aTextual
040 _aFEDL
_beng
_cFEDL
041 _aeng
_2eng
084 _a363.7, CHA
_qFEDL
100 _aChatterjee Satoko
_9780442
245 0 _aGreen sprout journey: Exploring home-based, ecological activities with children
260 _aKolkata, India
_bEarthcare Books
_c2009
300 _axi, 204p.
365 _aINR
_b250
942 _cTEXL
_h363.7, CHA
999 _c1394297
_d1394297